| 000 | 00575nam a2200169Ia 4500 | ||
|---|---|---|---|
| 001 | 16580 | ||
| 003 | IN-NITTTR | ||
| 005 | 20251114233156.0 | ||
| 008 | 251113s9999||||xx |||||||||||||| ||eng|| | ||
| 040 | _beng | ||
| 040 | _cIN-NITTTR | ||
| 041 | _aeng | ||
| 082 | _aPR333.79 I 8 P | ||
| 100 | _aCommission of the European Communities and the national board of Science and Technology, | ||
| 245 | 0 |
_aInternational conference on energy systems analysis,Dublin,1979 / _cCommission of the European Communities and the national board of Science and Technology |
|
| 942 |
_2ddc _cBK |
||
| 999 |
_c19214 _d19214 |
||